000 00728nam a22002057a 4500
003 OSt
005 20251105013208.0
008 251105b |||||||| |||| 00| 0 eng d
020 _a13:978-0-07-255631-5.
040 _aDWCL-Main lib
_cOC
082 _25th ed.
_aCirc. 909.09821 M442w 2004
100 _aMatthews, Roy T.
245 _aThe Western Humanties Volume II :
_bthe rennaisance to the present 5th ed.
_cMatthews, Roy T.
260 _aBoston :
_bMcGraw-Hill,
_cc2004.
300 _axxxi, (various paging) :
_bcolored illustration ;
_c28 cm.
504 _aIncludes bibliographical references and index.
650 _21. Western civilization-History.
700 _aPlatt F. Dewitt
942 _2ddc
_cBK-CIRC
_e5th ed.
_kCirc.
_n0
999 _c5456
_d5456